Statistics for Former Countries

Click here to take the quiz!

General Stats

  • This quiz has been taken 46,374 times
  • The average score is 12 of 20

Answer Stats

Clue End Answer % Correct
East Berlin was its capital1990East Germany
95%
Czech Republic + Slovakia1992Czechoslovakia
92%
Former superpower1991USSR
90%
Split into 7 different countries1991Yugoslavia
82%
Conquerors of the above1923Ottoman Empire
77%
Won independence from Mexico1845Texas
73%
In 2014, they voted
against independence
1707Scotland
71%
Led by Otto von Bismarck1871Prussia
64%
Led by a reincarnated Lama1950Tibet
62%
Its capital was Constantinople1453Byzantine Empire
60%
Greek city that Alexander
never attempted to conquer
146 BCSparta
54%
Country in the southeast
of Germany
1871Bavaria
51%
Unrecognized white-ruled state
that preceded Zimbabwe
1979Rhodesia
46%
Losers of three Punic Wars146 BCCarthage
42%
Japanese puppet state in
northern China
1945Manchukuo
42%
Free city between Poland
and Germany
1939Danzig
37%
Conquered by Edward Longshanks1282Wales
35%
Merged with Tanganyika to
form Tanzania
1964Zanzibar
33%
Most serene republic of the
northern Adriatic
1797Venice
32%
Became the 14th U.S. state1791Vermont
22%

Score Distribution

Percentile by Number Answered

Percent of People with Each Score

Your Score History

You have not taken this quiz